Java: all-in-one for dummies a wiley brand/ (Record no. 96343)

MARC details
000 -LEADER
fixed length control field 00862nam a22002417a 4500
005 - DATE AND TIME OF LATEST TRANSACTION
control field 20230320101623.0
010 ## - LCCN (DPL NO)
LC control number B-599356-361 ENG-115632
020 ## - INTERNATIONAL STANDARD BOOK NUMBER
International Standard Book Number 9788126548972
Terms of availability 599.00
035 ## - SYSTEM CONTROL NUMBER
System control number B-599356-361 EN-99164
037 ## - SOURCE OF ACQUISITION
Source of stock number/acquisition Asian/Ven
037 ## - SOURCE OF ACQUISITION
Source of stock number/acquisition DBAD/PUB
082 ## - DEWEY DECIMAL CLASSIFICATION NUMBER
Classification number 005.2762
100 ## - MAIN ENTRY--PERSONAL NAME
Personal name Lowe, Doug
245 ## - TITLE STATEMENT
Title Java: all-in-one for dummies a wiley brand/
Statement of responsibility, etc by Doug Lowe
250 ## - EDITION STATEMENT
Edition statement 4th edn
260 ## - PUBLICATION, DISTRIBUTION, ETC. (IMPRINT)
Place of publication, distribution, etc New Delhi
Name of publisher, distributor, etc Wiley
Date of publication, distribution, etc 2014
270 ## - ADDRESS
Address 4435-36/7, Ansari Road, Daryaganj,
City New Delhi
Postal code 110002
300 ## - PHYSICAL DESCRIPTION
Extent 936p.
Dimensions 23cm(pbk)
700 ## - ADDED ENTRY--PERSONAL NAME
Personal name Resnick,Robert
700 ## - ADDED ENTRY--PERSONAL NAME
Personal name Krane,Kenneth S.
942 ## - ADDED ENTRY ELEMENTS (KOHA)
Source of classification or shelving scheme Dewey Decimal Classification
Item type English Books
Classification part 005.2762
Call number suffix LOW
Holdings
Withdrawn status Lost status Not for loan Collection code Home library Current library Date acquired Source of acquisition Cost, normal purchase price Full call number Barcode Copy number Cost, replacement price Koha item type
      Non-fiction Central Library Central Library 11/01/2016 ABC/IN4655/24/9/2015/111/16/9/2015/30/9/2015 599.00 005.2762 LOW B-599356 1 599.00 English Books
    Not For Loan Reference Central Library Central Library 12/01/2016 ABC/IN4655/24/9/2015/111/16/9/2015/30/9/2015 599.00 005.2762 LOW B-599357 1 599.00 English Books
      Non-fiction Janak Puri Janak Puri 12/01/2016 ABC/IN4655/24/9/2015/111/16/9/2015/30/9/2015 599.00 005.2762 LOW B-599359 1 599.00 English Books
  Written-off vide DLB M. No. 383 dt 16.05.19   Non-fiction Karol Bagh Karol Bagh 12/01/2016 ABC/IN4655/24/9/2015/111/16/9/2015/30/9/2015 599.00 005.2762 LOW B-599361 1 599.00 English Books
      Non-fiction Katevara Katevara 04/08/2016 DBAD/PUB 599.00 005.2762 LOW EN-99164 1 599.00 English Books
      Non-fiction Patel Nagar Patel Nagar 12/01/2016 ABC/IN4655/24/9/2015/111/16/9/2015/30/9/2015 599.00 005.2762 LOW B-599358 1 599.00 English Books
      Non-fiction Sarojini Nagar Sarojini Nagar 12/01/2016 ABC/IN4655/24/9/2015/111/16/9/2015/30/9/2015 599.00 005.2762 LOW B-599360 1 599.00 English Books

© Delhi Public Library
Hit Counter
free hit counter